Phantom architecture / (Record no. 12226)

000 -LEADER
fixed length control field 02199cam a2200193 i 4500
003 - CONTROL NUMBER IDENTIFIER
control field OSt
005 - DATE AND TIME OF LATEST TRANSACTION
control field 20231223131032.0
008 - FIXED-LENGTH DATA ELEMENTS--GENERAL INFORMATION
fixed length control field 170713s2017 enka ob 001 0 eng
020 ## - INTERNATIONAL STANDARD BOOK NUMBER
International Standard Book Number 9781471166419
040 ## - CATALOGING SOURCE
Original cataloging agency BMSCA
082 04 - DEWEY DECIMAL CLASSIFICATION NUMBER
Classification number 720
Edition number 23
Item number WIL
100 1# - MAIN ENTRY--PERSONAL NAME
Personal name Wilkinson, Philip,
Dates associated with a name 1955-
Relator term author.
245 10 - TITLE STATEMENT
Title Phantom architecture /
Statement of responsibility, etc Philip Wilkinson.
300 ## - PHYSICAL DESCRIPTION
Extent 256 pages :
Other physical details illustrations (some color) ;
Dimensions 26 cm
504 ## - BIBLIOGRAPHY, ETC. NOTE
Bibliography, etc Includes bibliographical references (pages 244-245) and index.
520 ## - SUMMARY, ETC.
Summary, etc A skyscraper one mile high, a dome covering most of downtown Manhattan, a triumphal arch in the form of an elephant: some of the most exciting buildings in the history of architecture are the ones that never got built. These are the projects in which architects took materials to the limits, explored challenging new ideas, defied conventions, and pointed the way towards the future. Some of them are architectural masterpieces, some simply delightful flights of fancy. It was not usually poor design that stymied them - politics, inadequate funding, or a client who chose a 'safe' option rather than a daring vision were all things that could stop a project leaving the drawing board. These unbuilt buildings include the grand projects that acted as architectural calling cards, experimental designs that stretch technology, visions for the future of the city, and articles of architectural faith. Structures likeBuckminster Fuller's dome over New York or Frank Lloyd Wright's mile-high tower can seem impossibly daring. But they also point to buildings that came decades later, to the Eden Project and the Shard. Some of those unbuilt wonders are buildings of great beauty and individual form like Etienne-Louis Boullee's enormous spherical monument to Isaac Newton; some, such as the city plans of Le Corbusier, seem to want to teach us how to live; some, like El Lissitsky's 'horizontal skyscrapers' and Gaudi's curvaceous New York hotel, turn architectural convention upside-down; some, such as Archigram's Walking City and Plug-in City, are bizarre and inspiring by turns. All are captured in this magnificently illustrated book.
650 #0 - SUBJECT ADDED ENTRY--TOPICAL TERM
Topical term or geographic name as entry element Visionary architecture.
942 ## - ADDED ENTRY ELEMENTS (KOHA)
Source of classification or shelving scheme
Holdings
Withdrawn status Lost status Source of classification or shelving scheme Damaged status Koha normalized classification for sorting Not for loan Permanent location Current location Date acquired Source of acquisition Cost, normal purchase price Full call number Barcode Date last seen Cost, replacement price Price effective from Koha item type
        720_000000000000000_WIL   BMS College of Architecture, Design and Planning BMS College of Architecture, Design and Planning 2023-12-23 10 1897.00 720 WIL AR-UG3454 2023-12-23 2710.00 2023-12-23 UG Books
Copyright © 2025, The Librarian, Library and Information Centre, BMSCA D&P, Bengaluru. All Rights Reserved
web counter

Powered by Koha